000 00448nam a22001457a 4500
005 20241126180022.0
008 241126b |||||||| |||| 00| 0 eng d
020 _a817473025
050 _aPR85
_b.L65 LON
100 _aLONG, J. WILLIAM
245 _aENGLISH LITERATURE
_bITS HISTORY AND ITS SIGNIFICANCE FOR THE LIFE OF THE ENGLIG SPEAKING WORID
260 _aDELHI
_bA.I.T.B.S. PUBLISHERS
_cc2006
300 _axiv, 636p
_bill.;
942 _2lcc
_cBK
_n0
999 _c1569
_d1569